三重県の戦前市制・町制 - Statistics

General Stats
  • This quiz has been taken 104 times
    85 since last reset
  • The average score is 40 of 54
Answer Stats
施行日 施行内容 所属郡 回答 % Correct
1889.04.01 市制 (市) 津市
100%
1897.08.01 市制 (市) 四日市市
95%
1937.04.01 市制 (市) 桑名市
95%
1942.12.01 市制 (市) 鈴鹿市
95%
1889.04.01 町制 名張郡 名張町
92%
1889.04.01 町制 答志郡 鳥羽町
92%
1889.04.01 町制 北牟婁郡 尾鷲町
92%
1906.09.01 市制 (市) 宇治山田市
92%
1889.04.01 町制 桑名郡 桑名町
89%
1889.04.01 町制 飯高郡 松阪町
89%
1889.04.01 町制 阿拝郡 上野町
89%
1933.02.01 市制 (市) 松阪市
89%
1941.02.11 町制 員弁郡 員弁町
89%
1941.09.10 市制 (市) 上野市
89%
1889.04.01 町制 三重郡 四日市町
86%
1889.04.01 町制 鈴鹿郡 亀山町
86%
1889.04.01 町制 一志郡 久居町
86%
1899.02.21 町制 北牟婁郡 長島町
86%
1889.04.01 町制 鈴鹿郡 関町
84%
1889.04.01 町制 度会郡 宇治山田町
84%
1928.10.01 町制 三重郡 菰野町
84%
1889.04.01 町制 河曲郡 神戸町
78%
1889.04.01 町制 南牟婁郡 木本町
78%
1929.07.01 町制 一志郡 香良洲町
78%
1889.04.01 町制 安濃郡 新町
76%
1913.11.10 町制 三重郡 富田町
76%
1940.02.11 町制 三重郡 楠町
76%
1929.03.10 町制 員弁郡 阿下喜町
73%
1942.07.01 町制 阿山郡 柘植町
73%
1889.04.01 町制 奄芸郡 白子町
70%
1923.01.01 町制 三重郡 富洲原町
70%
1933.10.01 町制 南牟婁郡 阿田和町
70%
1889.04.01 町制 度会郡 神社町
68%
1920.03.01 町制 名賀郡 阿保町
68%
1940.02.11 町制 度会郡 滝原町
68%
1908.05.01 町制 度会郡 二見町
65%
1919.10.01 町制 志摩郡 浜島町
65%
1928.08.01 町制 志摩郡 波切町
65%
1932.07.01 町制 飯南郡 花岡町
65%
1911.04.01 町制 河芸郡 一身田町
62%
1929.02.11 町制 桑名郡 西桑名町
62%
1933.02.11 町制 飯南郡 粥見町
62%
1940.11.10 町制 北牟婁郡 錦町
62%
1919.06.20 町制 多気郡 相可町
59%
1940.02.11 町制 度会郡 五ヶ所町
59%
1940.11.03 町制 一志郡 家城町
59%
1899.02.02 町制 北牟婁郡 引本町
54%
1889.04.01 町制 度会郡 大湊町
51%
1889.04.01 町制 度会郡 田丸町
51%
1939.07.01 町制 志摩郡 和具町
49%
1928.11.03 町制 北牟婁郡 相賀町
46%
1924.01.01 町制 飯南郡 柿野町
43%
1928.11.03 町制 度会郡 小俣町
43%
1924.02.11 町制 多気郡 大淀町
32%
No matching quizzes found
Score Distribution
Percent of People with Each Score
Percentile by Number Answered
Your Score History
You have not taken this quiz since the last reset